000 00202 a2200097 4500
001 529
100 _aDillio,CC
245 _aThermal Engineering
260 _a
_bInternational T/BK
_c
090 _c139
_d139
942 _aNUST-CAE
_cM
_c4335
999 _c235602
_d235602